000 01244nam0a2200337 i 4500
001 RU\NLR\BIBL_A\010020449
005 20240921212435.0
010 _a9785922115070
_9300
021 _aRU
_b2013-93653
_96492
035 _a(NILC)RuMoRGB-006701150
035 _a(NLR Aleph) 010020449
090 _a9898679
_c9898679
100 _a20140110d2013 km y0rusy50 ca
101 0 _arus
102 _aRU
105 _aa|||z||||||||
200 1 _aДинамическое формоизменение элементов конструкций
_fБ.А. Щеглов
210 _aМосква
_cФизматлит
_d2013
215 _a324 с.
_cил., табл.
_d22
300 _aНа 4-й с. обл. авт.: Щеглов Б.А., д.т.н., проф.
320 _aБиблиогр. в конце гл.
606 1 _aМеталлы
_xПластическая деформация
_xТеория
_92588281
_3RU\NLR\AUTH\661529719
675 _a539.3/.6
686 1 _aК62-1
700 1 _aЩеглов
_bБ. А.
_gБорис Александрович
801 0 _aRU
_bRuMoRKP
_c20131121
_gRCR
801 2 _aRU
_bРГБ
_c20131204
_grcr
801 1 _aRU
_bRuMoRKP
_c20131121
_2rusmarc
942 _cBOOK
980 _aNBR